| 000 | 00612nam a2200181Ia 4500 | ||
|---|---|---|---|
| 008 | 100920s9999 xx 000 0 und d | ||
| 082 |
_b64706 _a891.464 0 |
||
| 100 | _aसंपादक-दिवेकर कल्याणी, कोरगावकर भाल. | ||
| 245 | _aशिशिरपालवी. | ||
| 260 |
_bजयदीप प्रकाशन, पुणे. _c0 |
||
| 300 |
_a140 _bसाधी |
||
| 365 | _b50 | ||
| 520 | _aनिबंध. | ||
| 630 | _aशिशिरपालवी. | ||
| 650 | _aनिबंध. | ||
| 730 | _aशिशिरपालवी. | ||
| 942 | _cBOOK | ||
| 999 |
_c707701 _d707698 |
||